Statistiques concernant Mots difficiles en E

Cliquez ici pour prendre le quiz!

Statistiques générales

  • Ce quiz a été pris 268 fois
  • Le résultat moyen est 11 sur 15

Statistiques - réponses

QuestionRéponse% Correct
Éphémère (adjectif)Qui ne reste qu'un court instant
99%
Euphorie (nom)Sentiment intense de bien-être
96%
Édifier (verbe)Bâtir, créer quelque chose d'important
90%
Ecchymose (nom)"Bleu" sur la peau
90%
Exacerber (verbe)Rendre quelque chose plus violent
84%
Épitaphe (nom)Inscription funéraire
80%
Éther (nom)L'air le plus pur, céleste
80%
Esperluette (nom)Signe typographique signifiant "et"
76%
Émérite (adjectif)Remarquable par sa longue pratique
69%
Ésotérique (adjectif)Que seul les initiés peuvent comprendre
66%
Empirique (adjectif)Qui repose seulement sur l'expérience
66%
Esquinter (verbe)Fatiguer extrêmement
64%
Éclectique (adjectif)Très varié dans ses goûts
64%
Évanescent (adjectif)Qui disparait petit à petit
60%
Épicène (adjectif)Se dit d'un mot qui peut être masculin ou féminin
43%

Distribution des résultats

Percentile par nombre de réponses

% des personnes avec chaque résultat

Votre développement - résultats

Vous n’avez pas pris ce quiz